<?xml version="1.0" encoding="UTF-8"?>
<collection xmlns="http://www.loc.gov/MARC21/slim">
    <record>
        <controlfield tag="001">65536</controlfield>
        <controlfield tag="005">20180219131717.0</controlfield>
        <datafield tag="037" ind1=" " ind2=" ">
            <subfield code="a">TAZ-TFG-2017-790</subfield>
        </datafield>
        <datafield tag="041" ind1=" " ind2=" ">
            <subfield code="a">spa</subfield>
        </datafield>
        <datafield tag="100" ind1="1" ind2=" ">
            <subfield code="a">Gómez Miranda, Ricardo Ignacio</subfield>
        </datafield>
        <datafield tag="242" ind1="0" ind2="0">
            <subfield code="a">Ethic, scientific and legal questions about the beginning of the life. How do the future doctors contend about?</subfield>
        </datafield>
        <datafield tag="245" ind1="0" ind2="0">
            <subfield code="a">Cuestiones éticas, científicas y jurídicas al principio de la vida. ¿Cómo argumentan los futuros médicos al respecto?</subfield>
        </datafield>
        <datafield tag="260" ind1=" " ind2=" ">
            <subfield code="a">Zaragoza</subfield>
            <subfield code="b">Universidad de Zaragoza</subfield>
            <subfield code="c">2017</subfield>
        </datafield>
        <datafield tag="506" ind1=" " ind2=" ">
            <subfield code="a">by-nc-sa</subfield>
            <subfield code="b">Creative Commons</subfield>
            <subfield code="c">3.0</subfield>
            <subfield code="u">http://creativecommons.org/licenses/by-nc-sa/3.0/</subfield>
        </datafield>
        <datafield tag="520" ind1=" " ind2=" ">
            <subfield code="a">Son múltiples y variadas las cuestiones relacionadas con el inicio de la vida desde las perspectivas ética, científica y jurídica. A lo largo del presente trabajo procederemos a realizar una revisión sobre el tema desde estas tres ópticas. Todo ello como paso previo al análisis de los argumentos a favor y en contra sobre estas cuestiones que tienen los futuros médicos, los actuales estudiantes de cuarto de medicina, mediante el estudio de un total de veinte ensayos bioéticos elaborados durante el curso 2016-2017 en la asignatura de “Comunicación asistencial, ética médica y legislación II”. Tendremos por tanto un total de 120 argumentos: 60 a favor y 60 en contra, de diferentes técnicas relacionadas con el principio de la vida. Se catalogaron los argumentos según su calidad en buena, intermedia o mala. Así mismo, se catalogaron en función del tipo de justificaciones empleadas por los estudiantes: científicas, éticas, legales, social, filosófica, económica o religiosa. También se contrastó la calidad de los argumentos a favor respecto a los argumentos en contra. Todo este trabajo nos permitió llegar a la conclusión de que los estudiantes de medicina saben argumentar con una calidad alta-media, desarrollando capacidades investigadoras y pensamiento crítico al ser capaces de discutir tanto a favor como en contra de sus opiniones.</subfield>
        </datafield>
        <datafield tag="521" ind1=" " ind2=" ">
            <subfield code="a">Graduado en Medicina</subfield>
        </datafield>
        <datafield tag="540" ind1=" " ind2=" ">
            <subfield code="a">Derechos regulados por licencia Creative Commons</subfield>
        </datafield>
        <datafield tag="700" ind1=" " ind2=" ">
            <subfield code="a">Whyte Orozco, Jaime</subfield>
            <subfield code="e">dir.</subfield>
        </datafield>
        <datafield tag="700" ind1=" " ind2=" ">
            <subfield code="a">Altisent Trota, Rogelio</subfield>
            <subfield code="e">dir.</subfield>
        </datafield>
        <datafield tag="710" ind1="2" ind2=" ">
            <subfield code="a">Universidad de Zaragoza</subfield>
            <subfield code="b">Anatomía e Histología Humanas</subfield>
            <subfield code="c">Anatomía y Embriología Humana</subfield>
        </datafield>
        <datafield tag="856" ind1="0" ind2=" ">
            <subfield code="f">591796@celes.unizar.es</subfield>
        </datafield>
        <datafield tag="856" ind1="4" ind2=" ">
            <subfield code="s">428787</subfield>
            <subfield code="u">http://zaguan.unizar.es/record/65536/files/TAZ-TFG-2017-790.pdf</subfield>
            <subfield code="y">Memoria (spa)</subfield>
        </datafield>
        <datafield tag="909" ind1="C" ind2="O">
            <subfield code="o">oai:zaguan.unizar.es:65536</subfield>
            <subfield code="p">driver</subfield>
            <subfield code="p">trabajos-fin-grado</subfield>
        </datafield>
        <datafield tag="950" ind1=" " ind2=" ">
            <subfield code="a"></subfield>
        </datafield>
        <datafield tag="951" ind1=" " ind2=" ">
            <subfield code="a">deposita:2018-02-17</subfield>
        </datafield>
        <datafield tag="980" ind1=" " ind2=" ">
            <subfield code="a">TAZ</subfield>
            <subfield code="b">TFG</subfield>
            <subfield code="c">MED</subfield>
        </datafield>
    </record>

    
</collection>